000 00197 a2200097 4500
001 12259
100 _aAltaf Gohar
245 _aGohar Gozisht
260 _a
_bsang-e- Meel
_c
090 _c9509
_d9509
942 _aNUST-CAE
_cM
_c36388
999 _c247332
_d247332